Outcome of Burn Care : The Mortality Perspective.

Bibliographic Details
Main Author: Pompermaier, Laura.
Format: eBook
Language:English
Published: Linköping : Linkopings Universitet, 2017.
Edition:1st ed.
Series:Linköping University Medical Dissertations Series
Subjects:
Online Access:Click to View
LEADER 01823nam a22003853i 4500
001 EBC5144880
003 MiAaPQ
005 20240729202202.0
006 m o d |
007 cr cnu||||||||
008 240729s2017 xx o ||||0 eng d
020 |a 9789176854143  |q (electronic bk.) 
035 |a (MiAaPQ)EBC5144880 
035 |a (Au-PeEL)EBL5144880 
035 |a (CaPaEBR)ebr11466273 
035 |a (OCoLC)1012347280 
040 |a MiAaPQ  |b eng  |e rda  |e pn  |c MiAaPQ  |d MiAaPQ 
100 1 |a Pompermaier, Laura. 
245 1 0 |a Outcome of Burn Care :  |b The Mortality Perspective. 
250 |a 1st ed. 
264 1 |a Linköping :  |b Linkopings Universitet,  |c 2017. 
264 4 |c {copy}2017. 
300 |a 1 online resource (63 pages) 
336 |a text  |b txt  |2 rdacontent 
337 |a computer  |b c  |2 rdamedia 
338 |a online resource  |b cr  |2 rdacarrier 
490 1 |a Linköping University Medical Dissertations Series ;  |v v.1599 
505 0 |a Intro -- CONTENTS -- ABSTRACT -- SAMMANFATTNING PÅ SVENSKA -- RIASSUNTO IN ITALIANO -- ABBREVIATIONS AND ACRONYMS -- LIST OF PAPERS -- INTRODUCTION -- AIMS -- MATERIALAND METHODS -- RESULTS -- DISCUSSION -- CONCLUSIONS -- ACKNOWLEDGEMENTS -- REFERENCES. 
588 |a Description based on publisher supplied metadata and other sources. 
590 |a Electronic reproduction. Ann Arbor, Michigan : ProQuest Ebook Central, 2024. Available via World Wide Web. Access may be limited to ProQuest Ebook Central affiliated libraries.  
655 4 |a Electronic books. 
776 0 8 |i Print version:  |a Pompermaier, Laura  |t Outcome of Burn Care  |d Linköping : Linkopings Universitet,c2017 
797 2 |a ProQuest (Firm) 
830 0 |a Linköping University Medical Dissertations Series 
856 4 0 |u https://ebookcentral.proquest.com/lib/matrademy/detail.action?docID=5144880  |z Click to View